Structural Analysis (Record no. 532531)
[ view plain ]
| 000 -LEADER | |
|---|---|
| fixed length control field | 00490nam a22001937a 4500 |
| 003 - CONTROL NUMBER IDENTIFIER | |
| control field | NUST |
| 005 - DATE AND TIME OF LATEST TRANSACTION | |
| control field | 20211012135442.0 |
| 008 - FIXED-LENGTH DATA ELEMENTS--GENERAL INFORMATION | |
| fixed length control field | 191125b ||||| |||| 00| 0 eng d |
| 020 ## - INTERNATIONAL STANDARD BOOK NUMBER | |
| International Standard Book Number | 8120343093 |
| 024 ## - OTHER STANDARD IDENTIFIER | |
| Standard number or code | 978-8120343092 |
| 038 ## - RECORD CONTENT LICENSOR | |
| Staff Name | MSOHAIL |
| 082 ## - DEWEY DECIMAL CLASSIFICATION NUMBER | |
| Classification number | 624.171 |
| Author Mark | DAS |
| 100 ## - MAIN ENTRY--PERSONAL NAME | |
| Personal name | Madan Mohan Das Bhargab Mohan Das |
| 9 (RLIN) | 26110 |
| 245 ## - TITLE STATEMENT | |
| Title | Structural Analysis |
| 260 ## - PUBLICATION, DISTRIBUTION, ETC. | |
| Place of publication, distribution, etc. | India |
| Name of publisher, distributor, etc. | Prentice Hall of India Private Ltd |
| Date of publication, distribution, etc. | c2011 |
| 300 ## - PHYSICAL DESCRIPTION | |
| Extent | p;326 |
| 563 ## - BINDING INFORMATION | |
| Binding note | HB |
| 942 ## - ADDED ENTRY ELEMENTS (KOHA) | |
| Source of classification or shelving scheme | |
| Koha item type | Book |
| Withdrawn status | Lost status | Source of classification or shelving scheme | Damaged status | Not for loan | Permanent Location | Current Location | Date acquired | Total Checkouts | Total Renewals | Barcode | Date last seen | Date last checked out | Price effective from | Koha item type |
|---|---|---|---|---|---|---|---|---|---|---|---|---|---|---|
| School of Civil and Environmental Engineering (SCEE) | School of Civil and Environmental Engineering (SCEE) | 11/25/2019 | 3 | 3 | NIT-12409 | 06/12/2023 | 02/03/2023 | 11/25/2019 | Book |
